Catálogo
 En Linea

Seguros sobre accidentes de trabajo : (Registro nro. 16260)

Detalles MARC
000 -CABECERA
campo de control de longitud fija 01132nam a2200253 a 4500
001 - NÚMERO DE CONTROL
campo de control 000016728
003 - IDENTIFICADOR DEL NÚMERO DE CONTROL
campo de control OSt
005 - FECHA Y HORA DE LA ÚLTIMA TRANSACCIÓN
campo de control 20230720143449.0
008 - DATOS DE LONGITUD FIJA--INFORMACIÓN GENERAL
campo de control de longitud fija 100310s1949 dr 000 0 spa d
040 ## - FUENTE DE LA CATALOGACIÓN
Centro catalogador/agencia de origen DO-SdBNP
Lengua de catalogación spa
Centro/agencia transcriptor BNPHU
082 ## - NÚMERO DE LA CLASIFICACIÓN DECIMAL DEWEY
Número de clasificación 368.7097293
Número de documento/Ítem P645s, 1949
100 1# - ENTRADA PRINCIPAL--NOMBRE DE PERSONA
Nombre de persona Pina, Tulio H.
9 (RLIN) 37097
245 10 - MENCIÓN DE TÍTULO
Título Seguros sobre accidentes de trabajo :
Resto del título accidentes del trabajo /
Mención de responsabilidad, etc. Tulio H. Pina.
246 34 - FORMA VARIANTE DE TÍTULO
Título propio/Titulo breve Seguros en la República Dominicana: accidentes del trabajo
250 ## - MENCIÓN DE EDICIÓN
Mención de edición 2a. ed.
260 ## - PUBLICACIÓN, DISTRIBUCIÓN, ETC.
Lugar de publicación, distribución, etc. Ciudad Trujillo, República Dominicana :
Nombre del editor, distribuidor, etc. Arte y Cine ;
-- Caja Dominicana de Seguro Social,
Fecha de publicación, distribución, etc. 1949.
300 ## - DESCRIPCIÓN FÍSICA
Extensión 269 p. ;
Dimensiones 24 cm.
500 ## - NOTA GENERAL
Nota general Estudio metodológico - comentarios críticos - Breve estudio comparativo de las legislaciones de la República de Cuba, Puerto Rico y República Dominicana. Tarifa de primas, salario mínimo, jornada comercial, catálogo de mecanismos, Jurisprudencia.
590 ## - NOTA LOCAL (RLIN)
Nota local Inventariado, 2019/VM
650 #4 - PUNTO DE ACCESO ADICIONAL DE MATERIA--TÉRMINO DE MATERIA
Término de materia o nombre geográfico como elemento de entrada Seguros contra accidentes de trabajo
9 (RLIN) 37098
710 2# - PUNTO DE ACCESO ADICIONAL--NOMBRE DE ENTIDAD CORPORATIVA
Nombre de entidad corporativa o nombre de jurisdicción como elemento de entrada Caja Dominicana de Seguro Social
9 (RLIN) 37099
910 ## - DATOS DE OPCIÓN DEL USUARIO (OCLC)
Datos de opción del usuario Validado. Control de calidad MFF
942 ## - ELEMENTOS DE PUNTO DE ACCESO ADICIONAL (KOHA)
Fuente del sistema de clasificación o colocación Dewey Decimal Classification
Tipo de ítem Koha Libros y folletos
Existencias
Estado de retiro Estado de pérdida Fuente del sistema de clasificación o colocación No para préstamo Código de colección Localización permanente Ubicación/localización actual Ubicación en estantería Fecha de adquisición Número de inventario Total de préstamos Signatura topográfica completa Código de barras Fecha visto por última vez Número de copia Precio válido a partir de Tipo de ítem Koha Restricciones de uso
  Extraviado Dewey Decimal Classification   Dominicana de Servicio General General Extraviado 10.03.2010 LF1   368.7097293 P645s, 1949 16728-30 25.06.2020 e. 3 25.06.2020 Libro y Folleto Colección Dominicana de Servicio  
  Extraviado     Dominicana de Servicio General General Extraviado 08.07.2010 LF1   368.7097293 P645s, 1949 16728-40 25.06.2020 e. 4 25.06.2020 Libro y Folleto Colección Dominicana de Servicio  
      Excluido de préstamo Patrimonio Dominicano Patrimonio Dominicano Patrimonio Dominicano Depósito 10.03.2010 LF1   368.7097293 P645s, 1949 16728-10 25.06.2020   25.06.2020 Libro y Folleto Colección Patrimonio Dominicano  
      Excluido de préstamo Patrimonio Dominicano Patrimonio Dominicano Patrimonio Dominicano Depósito 10.03.2010 LF1   368.7097293 P645s, 1949 16728-20 25.06.2020 e. 2 25.06.2020 Libro y Folleto Colección Patrimonio Dominicano  

Con tecnología Koha